LEADER 00795nam0-2200253 --450 001 9910220860103321 005 20171018105426.0 017 70$a273205$2U 020 $aIT$b1953 1768 100 $a20171018d1952----km y0itay50 ba 101 0 $aita 102 $aIT 105 $ay 001yy 200 1 $aElementi di geometria descrittiva ad uso degli studenti di architettura$ePoliedri, curve e superfici$eTesto$fMario Giovanardi 210 $aNapoli$cR. Pironti e F.$d1952 215 $a247 p.$d26 cm 700 1$aGiovanardi,$bMario$0332359 801 0$aIT$bUNINA$gREICAT$2UNIMARC 901 $aBK 912 $a9910220860103321 952 $aNN 228$b3593$fDINED 959 $aDINED 996 $aElementi di geometria descrittiva ad uso degli studenti di architettura$91494574 997 $aUNINA